| 000 | 01058nam a2200277Ia 4500 | ||
|---|---|---|---|
| 999 |
_c5358 _d5358 |
||
| 003 | OSt | ||
| 005 | 20200610200219.0 | ||
| 008 | 191128t1972 sp fr 000 0 spa d | ||
| 020 | _a8431613998 | ||
| 040 |
_aCO-JMCR _cCO-JMCR |
||
| 041 | 1 |
_aspa _heng |
|
| 082 | 0 | 4 |
_a330.015195 / _bJ721m _223 |
| 100 | 1 |
_aJohnston, John, _eautor _95443 |
|
| 245 | 1 | 0 |
_aMétodos de econometría / _cJ. Johnston ; traducido por Jose M.a Otero Moreno |
| 250 | _aTercera edición | ||
| 260 |
_aBarcelona : _bVicens-Vives, _c©1972 |
||
| 300 |
_axvi, 464 páginas ; _c22 cm. |
||
| 505 | 0 | _aLa naturaleza de la econometría -- Modelo lineal de dos variables -- Ampliaciones del modelo lineal de dos variables -- Elementos de álgebra matricial -- El modelo lineal general -- Ampliaciones del modelo lineal general | |
| 534 | _pEconometric methods | ||
| 546 | _aTraducido del inglés | ||
| 650 | 1 | 4 |
_aEconometría _95444 |
| 650 | 1 | 4 |
_aEconomía matemática _95197 |
| 650 | 1 | 4 |
_aEstadística _95445 |
| 700 | 1 |
_aOtero Moreno, Jose M.a, _etraductor _95446 |
|
| 942 |
_2ddc _cBK |
||